|
|
|
|
| LEADER |
01062nam a2200265 a 4500 |
| 001 |
971433 |
| 008 |
091217s1986 caua b 001 0 eng d |
| 010 |
|
|
|a 85030145
|
| 020 |
|
|
|a 0534064744
|
| 040 |
|
|
|a DLC
|c DLC
|d DLC
|d BD-DhAAL
|
| 082 |
0 |
0 |
|a 305.3
|2 19
|
| 100 |
1 |
|
|a Basow, Susan A.,
|d 1947-
|
| 245 |
1 |
0 |
|a Gender stereotypes :
|b traditions and alternatives /
|c Susan A. Basow.
|
| 250 |
|
|
|a 2nd ed.
|
| 260 |
|
|
|a Monterey, Calif. :
|b Brooks/Cole Pub. Co.,
|c c1986.
|
| 300 |
|
|
|a xi, 399 p. :
|b ill. ;
|c 23 cm.
|
| 500 |
|
|
|a Rev. ed. of: Sex-role stereotypes, c1980.
|
| 504 |
|
|
|a Includes Bibliography (p. 319-381.) and index.
|
| 541 |
1 |
|
|e 00009692
|
| 650 |
|
0 |
|a Sex role.
|
| 650 |
|
0 |
|a Stereotypes (Social psychology)
|
| 700 |
1 |
|
|a Basow, Susan A.,
|d 1947-.
|t Sex-role stereotypes.
|
| 852 |
4 |
|
|a Ayesha Abed Library
|j General shelf
|
| 999 |
|
|
|c 6194
|d 6194
|
| 952 |
|
|
|0 0
|1 0
|2 ddc
|4 0
|6 305_300000000000000_BAS_1986
|7 0
|9 6214
|a BRACUL
|b BRACUL
|c GEN
|d 2009-12-19
|g 0.00
|l 1
|o 305.3 BAS
|p 3010009692
|r 2014-03-23
|s 2013-11-23
|t 1
|w 2009-12-19
|y BK
|x No price found in the accession register.
|